Normal view
MARC view
- التخطيط التربوي- التدريس الفعال - المعلمون - تقييم-الادارة الصفية - امريكيا
Entry Topical Term
001 - CONTROL NUMBER
- control field: 59580
003 - CONTROL NUMBER IDENTIFIER
- control field: JO-AjAnu
005 - DATE AND TIME OF LATEST TRANSACTION
- control field: 20230606083737.0
008 - FIXED-LENGTH DATA ELEMENTS
- fixed length control field: 230606|| aca||aabn | a|a d
040 ## - CATALOGING SOURCE
- Original cataloging agency: JO-AjAnu
- Transcribing agency: JO-AjAnu
150 ## - HEADING--TOPICAL TERM
- Topical term or geographic name entry element: التخطيط التربوي- التدريس الفعال - المعلمون - تقييم-الادارة الصفية - امريكيا
670 ## - SOURCE DATA FOUND
- Source citation: Work cat.: (JO-AjAnu)30386: تأليف Borich,Gary D؛ ترجمة: محمد احمد الجبالي، رائد عبدالقادر محمد الشرمان, author 59579, طرق التدريس الفعال: الممارسة القائمة على البحث